MDQL
is popping MORE tags! Check the
thread
!
Quizzes
Events
Quiz Creation
Community
Videos
Private Events
Remove Ads
Sign In
Join for FREE
Feedback
Dark Mode
Quiz Categories
Sports
Geography
Music
Movies
Television
Just For Fun
Miscellaneous
History
Literature
Language
Science
Gaming
Entertainment
Religion
Holiday
For Kids
Quiz Lab
Recent
Popular Today
Quiz Kudos Today
Editor Picks
Curator Picks
Quizzes by...
Day
Popularity
Type
Ratings
Length
Year
Community
Subscriptions
Recent Discussions
Orange Saloon
Badges
Playlists
Quests
Create
Leaderboards
Showdown
Live 5
Trivia Bingo
Activity
Puzzle Library
Sporcle Events
Private Events
Virtual Trivia
Globe League
Become a Host
Pub Owners
SporcleCon
Opinionation
Our Games
Videos
Blog
Mobile Apps
Partnerships
Remove Ads and Go Orange
Feedback
History
US Presidents
World Leaders
Politics
Nation
Discovery
War
Decade
Year
Century
Biography
Art
History
US Presidents
World Leaders
Politics
Nation
Discovery
War
Decade
Year
Century
Biography
Art
Random Quiz
Search Sporcle
×
Quiz Lab
Quiz Lab
History
Century
Type in answers that appear in a list
Type in answers that appear in a list
Classic
Best Score? Go Orange.
7. History of Sutter Health - New Century, New Challenges Stats
Can you name the 7. History of Sutter Health - New Century, New Challenges?
By
yamanar
2m
8 Questions
8 Plays
8 Plays
8 Plays
Comments
Comments
Give Quiz Kudos
Give Quiz Kudos
-
- Ratings
hide this ad
Replay
Link that replays current quiz
Next Quiz
Link to next quiz in quiz playlist
You Got
0%
They Got
Avg Score
65%
Avg Friend Score
Upgrade to see
Score Distribution
Jump to the score distribution portion of the page
Score
0/8
Timer
02:00
0
Plays Today
Question
Answer
% Correct
What late night television show was born during this era?
Cheaters
100%
Who was Van Johnson's repalcement?
Pat Fry
87.5%
What is the acronym for the technology related to the medication prescription system?
eMAP
75%
What is the acronym for the technology related to the new and improved intensive care unit system?
eICU
75%
What footwear trend took off in the 1990's?
Ugg Boots
62.5%
What was Britney's Debut Album (no punctuation)?
Baby One More Time
50%
What % operating margin did Sutter Health reach?
5
37.5%
What position did Van Johnson assume after he retired?
Mission President
37.5%
Quiz Playlist
Details
Report
Send in Message
Add To Playlist
Classic:
Type in answers that appear in a list
Last Updated: Feb 16, 2017
Quiz Scoreboard
CHALLENGE
Sign Up to Join the Scoreboard
Show All
Scores
Hide
Comments
May contain spoilers
Recently Published
Image Sorting: Flags VI
by Barbecue
Geography
2m
Find the 'City' Movie
by crazypaving
Movies
60s
Colored Red Africa Blitz
by spor1
Geography
45s
More to Explore
Quiz From the Vault
Featured Blog Post
14 Easter Pick-up Lines to Find Eggs With
hide this ad
You Might Also Like...
Tags
Century Quiz
challenge
health
Today's Top Quizzes in History
Browse History
hide this ad
Today's Top Quizzes in Century
Browse Century
Top Contributed Quizzes in History
1
I Am Born On March 29th
2
Order Up: 1000 Years of World Events I
3
US National Parks Named After People
4
Popular People in 1951
5
Popular People in 1991
6
Popular People in 1941
7
Popular People in 1986
8
Popular People in 1981
9
Popular People in 1921
10
Popular People in 1976
Explore More
Trending Topics
Kpop
Anime
NBA
Crossword
Disney
Harry Potter
Marvel
Soccer
Pokémon
Puzzle
WWE
The Office
NFL
Song
Country
hide this ad
More By:
yamanar
Quiz
Plays
Rating
Category
Featured
Created
7. History of Sutter Health - New Century, New Challenges
8
1.00
History
Jan 4, 2012
4. History of Sutter Health - White Water Years
7
1.00
History
Jan 4, 2012
6. History of Sutter Health - Merging Systems
6
1.00
History
Jan 4, 2012
2. History of Sutter Health - Crisis & Changing Governance
6
1.00
History
Jan 4, 2012
5. History of Sutter Health - Leadership in Transition
6
1.00
History
Jan 4, 2012
Go to Creator's Profile
Score Distribution
Quiz Creator Spotlight
yamanar
Follow
Send a Message
Quizzes Created
-
Created Quiz Play Count
-
More By This Creator
Popular Quizzes Today
1
Colored Red Africa Blitz
2
Find the US States - No Outlines Minefield
3
Find the 'City' Movie
4
5x2 Blitz: Bands
5
The Countries of the World
6
Find the US States
7
Find the Countries of Europe - No Outlines Minefield
8
US States
More History Quizzes
US Flag Facts
Published
Trending Quizzes
Colored Red Europe Blitz I
Colored Red Europe Blitz II
Colored Red Africa Blitz II
Colored Red Europe Blitz III
Colored Red Africa Blitz III
Recently Updated
How Do You Spell That?
pecheneg
Godzilla Movies
pecheneg
Grab Bag: 4-10 Letters
pecheneg
2024 March Madness Bracket
pecheneg
Famous TV Couples
Peacemaker
Champions League XIs: Real Madrid
pecheneg
Largest US Cities 1790-2010
pecheneg
Rides in Walt Disney World
pecheneg
Most Oscar Losses (Acting)
pecheneg
Beyoncé Albums
pecheneg
Trending Topics
NBA
Anime
Marvel
Kpop
Harry Potter
Crossword
Disney
The Office
Puzzle
WWE
Pokémon
Song
Country
NFL
Soccer
Your Account Isn't Verified!
In order to create a playlist on Sporcle, you need to verify the email address you used during registration. Go to your
Sporcle Settings
to finish the process.
Report this User
Report this user for behavior that violates our
Community Guidelines
.
Details:
Send Report
Go to the Sporcle.com Mobile Site →
Comments